00401nam a22001097a 4500020001800000082001300018100002700031245010700058260004800165300002100213880005700234 a9787100011631 a170bSPI aSpinoza, Benedictus de aEthics/bChinese Translation of World Academic Famous Books (Chinese Edition) /cBenedictus de Spinoza aNew York :bOxford University Press,c2016. a269 p. ;c20 cm. 6245-02\ra伦理学/汉译世界学术名著丛书 /